| 000 | 00408cam a22001337a 4500 | ||
|---|---|---|---|
| 008 | 180718b1971 xxu||||| |||| 00| 0 eng d | ||
| 082 | _aZ000 H323 | ||
| 100 | _aHaymai, Yujiro | ||
| 245 |
_aAgricultural development: an international perspective _cby Yujiro Haymai and Vernon Rutton |
||
| 260 |
_aBaltimore _bHopkins _c1971 |
||
| 300 | _a367p. | ||
| 650 | _aAgricultural development | ||
| 700 | _aRutton, Vernon | ||
| 999 |
_c367923 _d367923 |
||